Introducción a la metodología de la investigación científica

Na minha lista:
Detalhes bibliográficos
Autor principal: Piura López, J.
Formato: Texto
Publicado em: Edit. el Amanecer :
Edição:0
Tags: Adicionar Tag
Sem tags, seja o primeiro a adicionar uma tag!

MARC

LEADER 00000 a a2200000 04500
001 32030
003
040
090 |a 200200  
100 |a Piura López, J.  
245 |a Introducción a la metodología de la investigación científica  
250 |a 0  
260 |a Edit. el Amanecer :  
300 |a 114 p.  
999 |c 1980  |d 1980